000 00534nam a2200169Ia 4500
999 _c35502
_d35502
005 20240530102934.0
008 140319s9999 xx 000 0 ara d
017 _bمصر. دار الكتب
040 _aGCL /
_cGCL
082 0 4 _a301.04
_bق ا
_221
245 1 0 _aاصول علم الاجتماع ومصادره
_cقبارى محمد اسماعيل
260 _aالاسكندرية :
_bالهيئة المصرية العامة للكتاب،
_c1978
300 _a410 ص
650 _2qrmak
651 _2qrmak
942 _2ddc
_cBK